书目信息 |
| 题名: |
沉重的肉身
|
|
| 作者: | 刘小枫 | |
| 分册: | ||
| 出版信息: | 上海 上海人民出版社 1999 |
|
| 页数: | 320页 | |
| 开本: | 20cm | |
| 丛书名: | ||
| 单 册: | ||
| 中图分类: | B262 | |
| 科图分类: | ||
| 主题词: | 哲学--中国--现代 | |
| 电子资源: | ||
| ISBN: | 7-208-03021-9 | |
| 000 | 00504nam0 2200181 450 | |
| 001 | 0728815141 | |
| 005 | 20070819080015.14 | |
| 010 | @a7-208-03021-9@d¥18.00 | |
| 100 | @a20070819d km y0chiy0120 ea | |
| 101 | 0 | @achi |
| 200 | 1 | @a沉重的肉身@Achen zhong de rou shen@f刘小枫@Fliu xiao feng |
| 210 | @a上海@c上海人民出版社@d1999 | |
| 215 | @a320页@d20cm | |
| 606 | 0 | @a哲学@x中国@x现代 |
| 690 | @aB262@v3 | |
| 701 | 0 | @a刘小枫@Aliu xiao feng |
| 801 | 0 | @aCN@bPFT@c20070819 |
| 905 | @a213230@dB262@eZW249@f1 | |
| 沉重的肉身/刘小枫.-上海:上海人民出版社,1999 |
| 320页;20cm |
| ISBN 7-208-03021-9:¥18.00 |
| ● |
| 相关链接 |
|
|
|
|
正题名:沉重的肉身
索取号:B262/ZW249
 
预约/预借
| 序号 | 登录号 | 条形码 | 馆藏地/架位号 | 状态 | 备注 |
| 1 | 7602491 | 276024918 | 中文系资料室/ [索取号:B262/ZW249] | 在馆 |